荒川を渡る鉄道路線 - Statistics

General Stats
  • This quiz has been taken 423 times
  • The average score is 15 of 18
Answer Stats
Answer % Correct
東北本線
96%
常磐線
95%
東武伊勢崎線
91%
総武本線
91%
京成本線
89%
東京メトロ東西線
89%
京葉線
89%
つくばエクスプレス
87%
東武東上本線
83%
都営新宿線
83%
武蔵野線
81%
八高線
77%
秩父鉄道秩父本線
76%
東京メトロ千代田線
71%
川越線
69%
東北新幹線
69%
京成押上線
64%
日暮里・舎人ライナー
60%
No matching quizzes found
Score Distribution
Percent of People with Each Score
Percentile by Number Answered
Your Score History
You have not taken this quiz